00602 2200229 4500001002100000005001700021008004100038020001800079035002400097040001200121082001100133090002100144100002600165245004300191250001100234260003100245300002500276500002700301650001000328850001200338990002200350YOGYA-0209000005813520090227034330.0 ind  a979-413-947-5 0010-020900000058135 aYOPDYOG a6366.3 aDEP 636.3bMur M aMURTIJO, Bambang Agus aMemelihara dombacBambang Agus Murtijo aCet. 1 aYogyakartabKanisiusc1993 a154 hlmbilusc21 cm aBibliografi : hlm. 154 aDomba aYOPDYOG a1993-21 h CB-D.11